Football Teams Nicolás Lodeiro Played For - Statistics

General Stats
  • This quiz has been taken 9 times
  • The average score is 6 of 7
Answer Stats
League Years Team % Correct
Netherlands 2010-2012 AFC Ajax
100%
Uruguay 2007-2010 Club Nacional
100%
Brazil 2012-2014 Botafogo FR
86%
Argentina 2015-2016 CA Boca Juniors
86%
Brazil 2014-2015 SC Corinthians
86%
USA 2016-2024 Seattle Sounders FC
86%
USA 2024- Orlando City SC
71%
No matching quizzes found
Score Distribution
Percent of People with Each Score
Percentile by Number Answered
Your Score History
You have not taken this quiz